| 000 | 00787nam a2200253 i 4500 | ||
|---|---|---|---|
| 003 | OSt | ||
| 005 | 20260126110225.0 | ||
| 008 | 260126s2025 my er 000 f may | ||
| 020 |
_a9786297782027 _cRM 40.00 _qpaperback |
||
| 040 |
_aPPAK _beng _cPPAK _erda |
||
| 082 | 0 | 4 |
_223 _a899.2333 |
| 090 | 0 | 0 |
_a899.2333 _bEFF _dG |
| 100 | 0 |
_aEffalee, _eauthor. |
|
| 245 | 1 | 0 |
_aQAID : _bTHE UNKNOWN / _cEFFALEE ; Editor: Abd Halim bin Toha |
| 264 | 1 |
_aSeremban, Negeri Sembilan : _bManes Wordworks, _c2025 |
|
| 300 |
_a470 pages ; _c20 cm |
||
| 336 |
_atext _2rdacontent |
||
| 337 |
_aunmediated _2rdamedia |
||
| 338 |
_avolume _2rdacarrier |
||
| 650 | 1 | 0 | _aMalay fiction |
| 650 | 2 | 4 | _aMalaysian fiction (Malay). |
| 700 | 0 |
_aAbd Halim Toha, _eeditor. |
|
| 942 |
_2ddc _cB |
||
| 999 |
_c202857 _d202857 |
||